Investovanie na trhu nehnuteľnosti bakalárska práca

Salvato in:
Dettagli Bibliografici
Autore principale: Kováčová, Michaela
Ente Autore: Národohospodárska fakulta EU. Katedra bankovníctva a medzinárodných financií
Altri autori: Chovancová, Božena
Natura: Libro
Lingua:slovacco
Pubblicazione: Bratislava 2017
Tags: Aggiungi Tag
Nessun Tag, puoi essere il primo ad aggiungerne!!

MARC

LEADER 00000nbm a2200000 4500
001 0233783
005 20180115153628.6
041 0 |a slo 
044 |a SK 
245 1 0 |a Investovanie na trhu nehnuteľnosti  |b bakalárska práca  |c Michaela Kováčová ; školiteľ: Božena Chovancová 
264 1 |a Bratislava  |c 2017 
300 |a 56 s. 
100 1 |a Kováčová, Michaela 
700 1 |a Chovancová, Božena 
710 2 |a Národohospodárska fakulta EU. Katedra bankovníctva a medzinárodných financií